[Event "Titled Tuesday intern op 17th Jan Early"]
[Site "Chess.com INT"]
[Date "2023.01.17"]
[Round "1"]
[White "Kochiev, Ivan"]
[Black "Morales, Yandri"]
[Result "1-0"]
[WhiteElo "2046"]
[BlackElo "2031"]
[PlyCount "61"]
[EventDate "2023.01.17"]
[EventType "swiss (blitz)"]
[EventRounds "11"]
[EventCountry "USA"]
[SourceTitle "CBM 212 Extra"]
[Source "ChessBase"]
[SourceDate "2023.03.31"]
[SourceVersion "1"]
[SourceVersionDate "2023.03.31"]
[SourceQuality "1"]

1. e4 e5 2. Nf3 Nf6 3. Nxe5 d6 4. Nf3 Nxe4 5. d4 d5 6. Bd3 Bd6 7. 0-0 0-0 8. h3 h6 9. c4 c6 10. Nc3 Nf6 11. Re1 Re8 12. Be3 Be6 13. c5 Bc7 14. b4 Nbd7 15. b5 Nf8 16. Qa4 cxb5 17. Bxb5 Bd7 18. Rab1 b6 19. Red1 a6 20. Bxd7 N8xd7 21. Qc6 Rc8 22. Qb7 bxc5 23. dxc5 Ne5 24. Nxe5 Bxe5 25. Nxd5 Rb8 26. Nxf6+ Qxf6 27. Qa7 Ra8 28. Qb6 Qf5 29. Qb3 Re6 30. Qd5 Rae8 31. f4 1-0

[Event "Titled Tuesday intern op 17th Jan Early"]
[Site "Chess.com INT"]
[Date "2023.01.17"]
[Round "2"]
[White "Morales, Yandri"]
[Black "Vagman, Roy"]
[Result "0-1"]
[WhiteElo "2031"]
[BlackElo "2260"]
[PlyCount "54"]
[EventDate "2023.01.17"]
[EventType "swiss (blitz)"]
[EventRounds "11"]
[EventCountry "USA"]
[SourceTitle "CBM 212 Extra"]
[Source "ChessBase"]
[SourceDate "2023.03.31"]
[SourceVersion "1"]
[SourceVersionDate "2023.03.31"]
[SourceQuality "1"]

1. e4 d6 2. d4 g6 3. Nf3 Bg7 4. c4 Nf6 5. Nc3 0-0 6. Bd3 Nc6 7. 0-0 e5 8. Bc2 Bg4 9. dxe5 Nxe5 10. Bd3 Nxf3+ 11. gxf3 Bh3 12. Re1 Nh5 13. Bf1 Qh4 14. Nd5 Bxf1 15. Rxf1 Be5 16. f4 Nxf4 17. Nxf4 Bxf4 18. Bxf4 Qxf4 19. Qd5 Rae8 20. Rfe1 Re5 21. Qd3 Rg5+ 22. Kh1 Qxf2 23. Re2 Qf4 24. Re3 Rh5 25. Rg3 Re8 26. Re1 Qf2 27. Re2 Rxh2# 0-1

[Event "Titled Tuesday intern op 18th Oct Early"]
[Site "Chess.com INT"]
[Date "2022.10.18"]
[Round "4"]
[White "Morales, Yandri"]
[Black "Fudalej, Michal"]
[Result "0-1"]
[WhiteElo "2031"]
[BlackElo "2188"]
[PlyCount "144"]
[EventDate "2022.10.18"]
[EventType "swiss (blitz)"]
[EventRounds "11"]
[EventCountry "USA"]
[SourceTitle "EXT 2024"]
[Source "ChessBase"]
[SourceDate "2023.10.10"]
[SourceVersion "1"]
[SourceVersionDate "2023.10.10"]
[SourceQuality "1"]

1. e4 c6 2. d4 d5 3. Nc3 g6 4. Nf3 Bg7 5. Be3 Bg4 6. h3 Bxf3 7. Qxf3 Nf6 8. e5 Nfd7 9. Ne2 0-0 10. Nf4 e6 11. Bd3 c5 12. c3 cxd4 13. cxd4 Qa5+ 14. Kf1 Nc6 15. h4 Qb4 16. Ne2 Ndxe5 17. dxe5 Nxe5 18. Qf4 Nxd3 19. Qxb4 Nxb4 20. Bc5 Bxb2 21. Rb1 Nd3 22. Bxf8 Rxf8 23. Nf4 Nxf4 24. Rxb2 b6 25. g3 Nd3 26. Rb3 Nc5 27. Ra3 a5 28. Ke2 d4 29. Rd1 e5 30. f4 f6 31. fxe5 fxe5 32. Rf3 Rxf3 33. Kxf3 Kf7 34. Re1 Ke6 35. Rb1 Nd7 36. Rb5 Kd6 37. Ke4 Kc6 38. Rb1 Kd6 39. g4 a4 40. Rb4 Nc5+ 41. Kf3 Kc6 42. Rb1 b5 43. Re1 Kd5 44. Rb1 e4+ 45. Kf4 Kc4 46. Rc1+ Kb4 47. Rb1+ Kc3 48. Rc1+ Kb4 49. Rb1+ Kc4 50. Rc1+ Kd5 51. Rb1 Nd3+ 52. Kg3 Kc4 53. a3 e3 54. Kf3 Kc3 55. Rd1 Kc2 56. Rh1 Kd2 57. Rh2+ Nf2 58. h5 gxh5 59. Rxh5 e2 60. Kxf2 e1Q+ 61. Kf3 Qe3+ 62. Kg2 Qe4+ 63. Kg3 Kc3 64. Rf5 d3 65. Rf3 Qxf3+ 66. Kxf3 d2 67. Ke2 Kc2 68. Kf3 d1Q+ 69. Kf4 Qd2+ 70. Kf5 Kb3 71. Ke4 Qc3 72. Kf5 Kxa3 0-1